000 00469nam a2200181Ia 4500
001 8563
003 GE_BSU
008 181216s||||||||xx |||||||||||||| ||und||
040 _cGE_BSU
245 _aГеоморфология.№4. 2013
245 _cГл.ред.В.П.Чичагов и др.
260 _aМосква
260 _c2013
300 _a96стр.26см.
653 _aГеоморфология.
653 _aპერიოდიკა
942 _cCR
999 _c41879
_d41879